| 000 | 00759nac a22002537a 4500 | ||
|---|---|---|---|
| 001 | BR0703718 | ||
| 003 | BR-BrBNA | ||
| 005 | 20240105123435.0 | ||
| 008 | 230509b bl.|||m| |||| 00| 0 por d | ||
| 040 |
_aBR-BrBNA _bpor _cBiblioteca Nacional de Agricultura |
||
| 072 | _aL73 | ||
| 090 | _a5000 BR0703718 | ||
| 100 | 1 | _aCorrêa, O. | |
| 245 | 1 | _aAs sarnas dos animais domésticos | |
| 260 | 3 |
_aSão Paulo, SP (Brasil): _bChácaras e Quintais, _c1943. |
|
| 300 | _a20 p. | ||
| 490 |
_aVamos para o Campo (Brazil) _vno. 13 _x |
||
| 500 | _aDocumento microfilmado e tratado BR7316377 | ||
| 650 | _aANIMAL DOMÉSTICO | ||
| 650 | _aSARNA ANIMAL | ||
| 650 | _aDOENÇA ANIMAL | ||
| 909 |
_a202312 _bLúcia Elande _c55 _dLúcia Elande |
||
| 942 |
_2AGRIS _n0 _cMS |
||
| 999 |
_c295457 _d295457 |
||